One-Name NBA All-Stars #1 - Statistics

General Stats
  • This quiz has been taken 43 times
  • The average score is 8 of 20
Answer Stats
Years Playing Team Nickname Player % Correct
2023– Spurs Wemby Victor Wembanyama
69%
2005– Hornets, Clippers CP3 Chris Paul
59%
2007– Thunder KD Kevin Durant
59%
2003–2019 Heat D-Wade Dwyane Wade
50%
2015– Timberwolves KAT Karl-Anthony Towns
50%
2018– Thunder SGA Shai Gilgeous-Alexander
50%
1984–1993, 1995–1998, 2001–2003 Bulls MJ Michael Jordan
47%
2008– Thunder Brodie Russell Westbrook
44%
1974–1986 Spurs Iceman George Gervin
44%
1979–1991, 1996 Lakers Magic Magic Johnson
44%
2010–2022 Kings Boogie DeMarcus Cousins
41%
2004–2023 76ers, Warriors Iggy Andre Iguodala
38%
2014– 76ers Process Joel Embiid
38%
1981–1994 Pistons Zeke Isiah Thomas
34%
1997–2013 Rockets T-Mac Tracy McGrady
28%
2001–2011, 2012–2014 Jazz AK47 Andrei Kirilenko
25%
1986–2000 Pistons Worm Dennis Rodman
22%
1962-1978 Celtics Hondo John Havlicek
13%
2000–2011, 2012–2015 Nuggets K-Mart Kenyon Martin
6%
2016– Pacers Sabas Domantas Sabonis
0%
No matching quizzes found
Score Distribution
Percent of People with Each Score
Percentile by Number Answered
Your Score History
You have not taken this quiz